00840nabaa22001817a 4500003000400000005001700004008004100021040000700062100003100069245013200100300001500232505013100247505008900378650002700467650001600494650003400510773011400544OSt20260122222112.0190701b xxu||||| |||| 00| 0 spa d cPJ aCopelli, María Victoria 10aEl acceso a la justicia en grupos vulnerables : bmigrantes y personas en situación de movilidad /cMaría Victoria Copelli. ap. 226-232 aSumario: I. Introducción.— II. El problema del acceso a la justicia.—III. Trámite migratorio.— IV. Palabras finales. t¿Te interesa el texto completo? Comunicate al correo: koha@justierradelfuego.gov.ar 0aDERECHO ADMINISTRATIVO 0aMIGRACIONES 0aSITUACIÓN DE VULNERABILIDAD0 02842dBuenos Aires : AbeledoPerrot, 2012-oDA121tDerecho administrativo. Nº 148 julio/agosto 2023z18510590